| 000 | 01750nam a22002894c 4500 | ||
|---|---|---|---|
| 003 | AR-BaSMT | ||
| 008 | 230616t2016 aga|||br|||| 00| 1 spa d | ||
| 020 | _a9789871337514 | ||
| 040 |
_aBSGB _bespañol _cBSGB _erda |
||
| 041 | 0 |
_aspa _hespañol |
|
| 080 | _a82-343 | ||
| 100 | 1 |
_aBonelli, Florencia _9470 |
|
| 245 | 1 | 4 | _aLos enamorados del Nahuel Huapi y otras leyendas de amor |
| 250 | _aprimera edición | ||
| 264 |
_aBuenos Aires : _bLa brujita de papel , _c2016 |
||
| 300 |
_a64 páginas : _bilustraciones color |
||
| 336 |
_2rdacontent _atexto _btxt |
||
| 337 |
_2rdamedia _asin mediación _bn |
||
| 338 |
_2rdacarrier _avolumen _bnc |
||
| 520 | 1 | _aCuando el sol desaparece tras los Andes, a orillas del lago Nahuel Huapi, Martina escucha fascinada los maravillosos relatos de don Román. Él va hilvanando historias a la par que fuma su pipa o quiebra, como le gusta llamarla. A veces parece que las palabras de don Román nacen en los oídos de Martina; otras, que se montan en la cresta del viento y se acercan desde la montaña. Pero la niña siempre tiene ganas de escucharlas, ya sea si se trata de Maitén y Collán, los enamorados del lago Nahuel Huapi; de Copahue y el Hada de la Nieve, o de la valiente joven cuyos suspiros de amor se transformarán en las flores rosadas del palo borracho. Son leyendas argentinas, historias de nuestros ancestros, preciosos relatos transmitidos de generación en generación, que nos permiten asomarnos a las costumbres, la mitología y la belleza de los pueblos originarios. | |
| 521 | _aA partir de 9 años | ||
| 650 | 7 |
_98 _aLITERATURA INFANTIL |
|
| 650 | 7 |
_9103 _aMITOS Y LEYENDAS _zARGENTINA |
|
| 700 | 1 |
_aMichelle, Laura _eIlustradora _9471 |
|
| 942 |
_2ddc _aBOOK |
||
| 999 |
_c630 _d630 |
||